000 00948nam a2200217 i 4500
001 76072
003 ES-MaACL
005 20250928134702.0
007 t|
008 040929s1949 cu ||||1| spa d
100 1 _aGuerra y Sánchez, Ramiro.
_960526
245 1 3 _aLa guerra de los diez años
_b: su sentido profundo en la historia de Cuba, 1868-1878 /
_cdiscursos leídos en la recepción pública de Ramiro Guerra y Sánchez, el 14 de julio de 1949 ; contesta en nombre de la Corporación, Cosme de la Torriente y Peraza.
260 _aLa Habana :
_b[s.n.,
_c1949] (
_fImp. El Siglo XX)
300 _a84 p. ;
_c25 cm.
500 _aPrecede al tit.: Academia de la Historia de Cuba.
651 4 _aCuba-
_xHistoria-
_y1868-1878, Guerra de los Diez Años.
_98103
700 1 _aTorriente, Cosme de la,
_dn. 1872
_9111040
710 2 _aAcademia de la Historia de Cuba.
_91183
852 _aES-MaACL
_j1900-F-12
_bR.28839
999 _c76072
_d76072